Hauptstädte der Länder 197 bis 205 - Statistiken

Allgemein
  • Dieses Quiz wurde 104 mal gespielt
  • Das Durchschnittsergebnis liegt bei 5 aus 9
Antwortstatistiken
Land Hauptstadt % Korrekt
Palästina J{erusalem} oder R{amallah}
96%
Grönland N{uuk}
88%
Färöer-Inseln T{órshavn}
67%
Aruba O{ranjestad}
63%
Curaçao W{illemstad}
57%
Westsahara E{l-Aaiún} (L{aayoune}) oder T{ifariti}
42%
Niue A{lofi}
41%
Cookinseln A{varua}
39%
Sint Maarten P{hilipsburg}
29%
Keine übereinstimmenden Quizze gefunden
Verteilung der Resultate
Anzahl Personen mit jedem Resultat
Perzentil nach korrekt beantworteten Fragen
Ihre Resultats-Entwicklung
Sie haben dieses Quiz noch nicht gespielt